| 000 | 00679nam a2200181 a 4500 | ||
|---|---|---|---|
| 001 | 000014386 | ||
| 005 | 20240229073943.0 | ||
| 008 | 091211s1976 dr a 001 0 spa d | ||
| 040 |
_aDO-SdBNP _bspa _cBNPHU |
||
| 082 |
_a917.29502 _bC457i |
||
| 100 | 1 |
_aChanlatte Baik, Luis A. _932493 |
|
| 245 | 1 | 0 |
_aInvestigaciones arqueológicas en Guayanilla, Puerto Rico / _cLuis A. Chanlatte Baik ; José Chez Checo. |
| 260 |
_aSanto Domingo : _bMuseo del Hombre Dominicano y la Fundación García Arévalo, _c1976. |
||
| 300 |
_a168 p. : _bil. ; _c24 cm. |
||
| 651 | 4 |
_aPuerto Rico _xArqueología _xInvestigaciones _932494 |
|
| 049 | _aBNPD | ||
| 700 | 1 |
_aChez Checo, José, _d1949- _eed. _910145 |
|
| 999 |
_c13977 _d13977 |
||